WWE European Champions Quiz - Statistics

General Stats
  • This quiz has been taken 79 times
  • The average score is 20 of 27
Answer Stats
% Correct
Owen Hart
96%
Triple H
94%
Shawn Michaels
93%
Eddie Guerrero
91%
Chris Jericho
85%
Jeff Hardy
85%
Matt Hardy
85%
D'Lo Brown
83%
Kurt Angle
83%
The British Bulldog
83%
Christian
81%
Rob Van Dam
81%
Shane McMahon
81%
X-Pac
80%
William Regal
76%
Mark Henry
74%
Jeff Jarrett
69%
Test
69%
Bradshaw
65%
Perry Saturn
65%
Val Venis
65%
Spike Dudley
61%
Al Snow
59%
Crash Holly
57%
Diamond Dallas Page
56%
Mideon
54%
The Hurricane
52%
No matching quizzes found
Score Distribution
Percent of People with Each Score
Percentile by Number Answered
Your Score History
You have not taken this quiz